000 00368nam a22001577a 4500
005 20180904101558.0
008 180904b xxu||||| |||| 00| 0 eng d
020 _a978-93-5071-186-6
041 _aeng
100 _aBHARGAVA, U.K.
_94852
245 _aINCOME TAX ACT 1961
250 _a57th Ed. / 2013
260 _aDELHI
_bTAXMAN
300 _a2.69p,
942 _cBK
999 _c5730
_d5728